Central Library OPAC University of Rajshahi

Learning, language, and cognition : (Record no. 30226)

MARC details
000 -LEADER
fixed length control field 00903cam a2200265 4500
001 - CONTROL NUMBER
control field 30226
003 - CONTROL NUMBER IDENTIFIER
rucl marc code BD-RjUL
005 - DATE AND TIME OF LATEST TRANSACTION
control field 20211209051531.0
008 - FIXED-LENGTH DATA ELEMENTS--GENERAL INFORMATION
fixed length control field 140409t19701968enka b 001 0 eng
035 ## - SYSTEM CONTROL NUMBER
System control number (BD-RjUL)30311
040 ## - CATALOGING SOURCE
Original cataloging agency DLC
Transcribing agency DLC
Modifying agency DLC
-- BD-RjUL
Language of cataloging eng
041 ## - LANGUAGE CODE
Language code of text/sound track or separate title eng
082 00 - DEWEY DECIMAL CLASSIFICATION NUMBER
Classification number 153.15
Author mark and year STL 1970
100 1# - MAIN ENTRY--PERSONAL NAME
Personal name Staats, Arthur W.
9 (RLIN) 91885
245 10 - TITLE STATEMENT
Title Learning, language, and cognition :
Remainder of title theory, research, and method for the study of human behavior and its development /
Statement of responsibility, etc. [by] Arthur W. Staats.
260 ## - PUBLICATION, DISTRIBUTION, ETC. (IMPRINT)
Place of publication, distribution, etc. London ;
-- New York :
Name of publisher, distributor, etc. Holt, Rinehart and Winston,
Date of publication, distribution, etc. c1968 [1970].
300 ## - PHYSICAL DESCRIPTION
Pagination xvii, 614 p. :
Illustrations illus. ;
Size 24 cm.
504 ## - BIBLIOGRAPHY, ETC. NOTE
Bibliography, etc Bibliography: p. 585-595 and indexes.
650 #0 - SUBJECT ADDED ENTRY--TOPICAL TERM
Topical term or geographic name as entry element Learning, Psychology of.
9 (RLIN) 91886
Topical term or geographic name as entry element Children
General subdivision Language.
9 (RLIN) 89132
Topical term or geographic name as entry element Cognition in children.
9 (RLIN) 3701
942 ## - ADDED ENTRY ELEMENTS (KOHA)
Source of classification or shelving scheme Dewey Decimal Classification
Koha item type Books
Holdings
Lost status Source of classification or shelving scheme Damaged status Not for loan Collection code Permanent Location Current Location Shelving location Date acquired Source of acquisition Cost, normal purchase price Total Checkouts Full call number Date last seen Copy number Koha item type
  Dewey Decimal Classification     Non-fiction Central Library, University of Rajshahi Central Library, University of Rajshahi   11/01/1972 Zitlinger 94.00   153.15 STL 1970 09/04/2014 C-1 Books
  Dewey Decimal Classification     Non-fiction Central Library, University of Rajshahi Central Library, University of Rajshahi   11/01/1972 Zeitlinger 94.00   153.15 STL 1970 15/03/2017 C-2 Books